000 01064nam a22002537a 4500
001 75917
003 BD-RjUL
005 20211209082749.0
008 190815s20142002bg ||||| |||| 00| 0 ben d
020 _a9789844103016
035 _a(BD-RjUL)76136
040 _aBD-RjUL
_bben
_cBD-RjUL
041 _aben
082 _223
_a327
_bHAA 2014
100 _aহালিম, মোঃ আবদুল
_9143400
245 1 0 _aআন্তর্জাতিক সম্পর্ক :
_bসংক্ষিপ্ত ইতিহাস /
_cমোঃ আবদুল হালিম
246 _aA Short History of International Relations.
260 _aঢাকা :
_bমাওলা ব্রাদার্স,
_c২০০২ [পঞ্চম মুদ্রণ ২০১৪]
300 _a৩৩৬ পৃ. ;
_c২১ সেমি.
504 _aবিবলিওগ্রাফি সম্বিলত।
650 _aআন্তর্জাতিক সম্পর্ক
_9143401
650 _aInternational Relations
_9143402
942 _2ddc
_cBK
999 _c75917
_d75917